000 00323nam a22001457a 4500
003 SGT
020 _a978-93-88313-73-5
082 _a611
_bS19S
100 _aSPLITTGERBER, RIYAN
245 _aSNELL'S CLINICAL NEUROANATOMY
250 _a8TH
260 _aINDIA
_bWOLTER KLUWER
_c2019
300 _a527
942 _2ddc
_cBK
999 _c18152
_d18152